| 000 | 01058cad a22002175a 4500 | ||
|---|---|---|---|
| 001 | E154260 | ||
| 008 | 111108s2011 xxk f 000 0 eng d | ||
| 035 | _a(Sirsi) u154260 | ||
| 041 | 0 | _aeng | |
| 110 | 2 |
_aHistoric Scotland _92914 |
|
| 245 | 0 | 0 |
_aStrategy for the protection, management and promotion of marine heritage 2011-16 _b[consultation] _h[electronic resource] |
| 260 |
_aEdinburgh _bHistoric Scotland _c2011 |
||
| 520 | _aSeeks views on Historic Scotland's proposed strategy for protecting, managing and promoting marine heritage under The Marine (Scotland) Act 2010 and the Marine and Coastal Access Act 2009. Deadline for comments is 27 January 2012. | ||
| 590 | _aKA | ||
| 650 | 2 | 4 | _aMARINE (SCOTLAND) ACT 2010 |
| 650 | 2 | 4 | _aMARINE AND COASTAL ACCESS ACT 2009 |
| 651 | 4 |
_aScotland _y1999- |
|
| 690 | _aPROPERTY-RURAL AND NATURAL ASSETS-MARINE RESOURCES-MARINE RESOURCE MANAGEMENT | ||
| 856 | 4 | 0 |
_uhttps://www.historic-scotland.gov.uk/marineheritagestrategy _zViewthe consultation free of charge at www.historic-scotland.gov.uk |
| 942 | _n0 | ||
| 999 |
_c112915 _d112915 |
||